00635nam a2200169 a 450000100100000000500170001000800410002702000150006804000250008308200160010810000370012424500980016126000700025930000330032950000630036250400400042500001638920200929164414.0100304s2000 dr ab 001 0 spa d a9993425125 aDO-SdBNPbspacBNPHU axxxxbH564c1 aHerrera Moreno, Alejandrod1952-13aLa clasificación numérica y su aplicación en la ecología /cAlejandro Herrera Moreno. aSanto Domingo :bInstituto Tecnológico de Santo Domingo,c2000. a88 p. :bil., map. ;c27 cm. aIncluye datos biográficos del autor en la contracubierta aIncluye bibliografía (p. 86- 88 )